<The> Role of universities in strengthening innovation: the case of EU structural funds in the Czech Republic
Úloha univerzít pri posilňovaní ich spolupráce s podnikateľským sektorom a zvyšovania potenciálu ich vedecko-výskumnej infraštruktúry.
Saved in:
| Main Author: | |
|---|---|
| Other Authors: | |
| Format: | Book Chapter |
| Language: | English |
| Subjects: | |
| Tags: |
No Tags, Be the first to tag this record!
|
MARC
| LEADER | 00000naa a2200000 4500 | ||
|---|---|---|---|
| 001 | 0239890 | ||
| 005 | 20220805075647.1 | ||
| 041 | 0 | |a eng | |
| 044 | |a SK | ||
| 245 | 1 | 0 | |a <The> Role of universities in strengthening innovation: the case of EU structural funds in the Czech Republic |c Pavel Ptáček, Zdeněk Szczyrba |
| 520 | |a Úloha univerzít pri posilňovaní ich spolupráce s podnikateľským sektorom a zvyšovania potenciálu ich vedecko-výskumnej infraštruktúry. | ||
| 610 | 2 | 0 | |a univerzity |
| 610 | 2 | 0 | |a stratégia informačná |
| 610 | 2 | 0 | |a veda |
| 610 | 2 | 0 | |a výskum |
| 610 | 2 | 0 | |a fondy štruktúrne |
| 610 | 2 | 0 | |a Česko |
| 610 | 2 | 0 | |a prostredie podnikateľské |
| 100 | 1 | |a Ptáček, Pavel | |
| 700 | 1 | |a Szczyrba, Zdeněk | |